00816nam a22001817a 450000500170000002000230001703500210004003700130006110000180007424501460009226000550023830000240029370000250031794200250034299900170036795201200038495201300050420180723121643.0 a8173914885c800.00 aB-92506, B-92505 aDPLbENG aDhameja, Nand aPublic sector restructuring and privatisation :bIncluding urban infrastructure and public service finance /cby Nand Dhameja and K.S. Sastry aNew DelhibKanishka Publishers, Distributorsc2002 axvi, 398p.c20 cms. aSastry, K.S. 947455 2ddccENh338.62mDHA c66903d66903 001040708NFICaZLSbZLSd2012-05-19g800.00l0o338.62 DHApB-92506r2012-05-19 00:00:00v800.00w2012-05-19yEN 001040708NFICaBL1bBL1d2018-07-23eBPPD/PUBg800.00l0o338.62 DHApB-92505r2018-07-23 00:00:00v900.00w2018-07-23yEN